L'art en Suisse: depuis les origines jusqu'a nos jours

Պահպանված է:
Մատենագիտական մանրամասներ
Հիմնական հեղինակ: Meyer, Peter (autor)
Ձևաչափ: Գիրք
Լեզու:ֆրանսերեն
Հրապարակվել է: Zurich Ofice Central Suisse du Tourisme 1945
Խորագրեր:
Ցուցիչներ: Ավելացրեք ցուցիչ
Չկան պիտակներ, Եղեք առաջինը, ով նշում է այս գրառումը!

MARC

LEADER 00000nam a2200000 a 4500
001 UCZ1467
003 CL-VaPUC
008 950824e19450000SZ |||||||||||||||||fre|d
082 0 4 |a 759.9494  |b MEY  |2 21 
100 |a Meyer, Peter  |e autor  |9 345036 
245 1 2 |a L'art en Suisse: depuis les origines jusqu'a nos jours 
300 |a 103 p 
942 |c BK 
945 |d 19950824 00:00:00  |a rbrito 
260 |a Zurich  |b Ofice Central Suisse du Tourisme  |c 1945 
650 7 |a PINTURA SUIZA  |2 CL-VaPUC  |9 345037 
650 0 |a Arte suizo  |9 345038 
650 7 |a ESCULTURA SUIZA  |2 CL-VaPUC  |9 345039 
650 0 |a Arquitectura suiza  |9 345040 
651 0 |a Suiza   |9 256768 
583 |a last modification  |c 19950824 00:00:00  |k Rodrigo Vera 
999 |c 238212  |d 238210 
952 |0 0  |1 0  |4 0  |6 759_949400000000000_MEY_1945  |7 0  |8 A  |9 248243  |a BIBART  |b BIBART  |d 2019-11-18  |i 3107043  |o 759.9494 MEY 1945  |p 3107043  |r 2025-03-13  |w 2019-11-18  |y BK  |k ART